000 00519nam a22001817a 4500
999 _c190228
_d190228
005 20220720170634.0
010 _aENG-133746
020 _c750.00
_a978-81-925571-0-4
035 _aEN-117278
037 _bDBAD/PUB
082 _a384.54
100 _aGupta, Jyoti
245 _aAIR: A journey of all India radio/
_cJyoti Gupta
260 _aAllahabad
_bAnurag Publication
_c2018
270 _a116/70, Lukerganj
_bAllahabad
_e211001
300 _a240p.
_c22cm(hbk)
942 _2ddc
_cEN
_h384.54
_mGUP